The White Lotus Characters - Statistics

General Stats
  • This quiz has been taken 239 times
    74 since last reset
  • The average score is 14 of 32
Answer Stats
Picture Answer % Correct
Tanya
83%
Greg / Gary
78%
Piper
60%
Belinda
57%
Ethan
57%
Portia
55%
Lucia
53%
Armond
52%
Albie
50%
Harper
48%
Olivia
48%
Mook
47%
Saxon
45%
Chelsea
43%
Paula
43%
Rick
43%
Valentina
43%
Lochlan
40%
Gaitok
37%
Victoria
37%
Cameron
35%
Laurie
35%
Rachel
35%
Shane
35%
Daphne
33%
Chloe
30%
Kate
30%
Nicole
30%
Timothy
30%
Jaclyn
28%
Fabian
23%
Zion
22%
No matching quizzes found
Score Distribution
Percent of People with Each Score
Percentile by Number Answered
Your Score History
You have not taken this quiz since the last reset